Guide to Human Rights Research (Record no. 5552)
[ view plain ]
| 000 -LEADER | |
|---|---|
| fixed length control field | 00544nam a22002057a 4500 |
| 003 - CONTROL NUMBER IDENTIFIER | |
| control field | OSt |
| 005 - DATE AND TIME OF LATEST TRANSACTION | |
| control field | 20250425151912.0 |
| 008 - FIXED-LENGTH DATA ELEMENTS--GENERAL INFORMATION | |
| fixed length control field | 250425b |||||||| |||| 00| 0 eng d |
| 040 ## - CATALOGING SOURCE | |
| Transcribing agency | Cambridge |
| 050 ## - LIBRARY OF CONGRESS CALL NUMBER | |
| Classification number | K3236 |
| Item number | .T62 1984 |
| 100 ## - MAIN ENTRY--PERSONAL NAME | |
| Personal name | Tobin, Jack |
| Relator term | Author |
| 245 ## - TITLE STATEMENT | |
| Title | Guide to Human Rights Research |
| Remainder of title | Jack Tobin |
| 260 ## - PUBLICATION, DISTRIBUTION, ETC. | |
| Place of publication, distribution, etc. | Cambridge : |
| Name of publisher, distributor, etc. | Harvard Law School |
| Date of publication, distribution, etc. | c1984 |
| 300 ## - PHYSICAL DESCRIPTION | |
| Extent | xi, 228pp |
| 490 ## - SERIES STATEMENT | |
| Materials specified | Human Rights Law |
| 500 ## - GENERAL NOTE | |
| General note | Includes index |
| 600 ## - SUBJECT ADDED ENTRY--PERSONAL NAME | |
| Source of heading or term | Human Rights Law |
| 856 ## - ELECTRONIC LOCATION AND ACCESS | |
| Materials specified | Human Rights Law |
| 942 ## - ADDED ENTRY ELEMENTS (KOHA) | |
| Source of classification or shelving scheme | Library of Congress Classification |
| Koha item type | Books |
| Suppress in OPAC | No |
| Withdrawn status | Lost status | Source of classification or shelving scheme | Damaged status | Not for loan | Collection | Home library | Current library | Shelving location | Date acquired | Total checkouts | Full call number | Barcode | Date last seen | Copy number | Price effective from | Koha item type |
|---|---|---|---|---|---|---|---|---|---|---|---|---|---|---|---|---|
| Library of Congress Classification | Non-fiction | Law Library (Christ Temple) | Law Library (Christ Temple) | General stacks | 04/25/2025 | K3236.T62 TOB | LLCT00000625 | 04/25/2025 | 1 | 04/25/2025 | Books |